All Assassin's Creed Odyssey Regions - Statistics

General Stats
  • This quiz has been taken 114 times
  • The average score is 15 of 37
Answer Stats
Region % Correct
Lakonia
85%
Attica
80%
Makedonia
66%
Kephalonia
61%
Megaris
60%
Lesbos
59%
Phokis
56%
Naxos
53%
Arkadia
49%
Kos
48%
Elis
46%
Messara
45%
Achaia
41%
Argolis
41%
Euboea
41%
Pephka
41%
Boeotia
40%
Lokris
39%
Paros
39%
Delos
38%
Mykonos
36%
Samos
36%
Malis
35%
Andros
34%
Chios
34%
Kythera Island
34%
Thera
33%
Messenia
31%
Korinthia
30%
Thasos
29%
Lemnos
28%
Keos
26%
Skyros
26%
Melos
21%
Anaphi
20%
Hydrea
18%
Nisyros
10%
No matching quizzes found
Score Distribution
Percent of People with Each Score
Percentile by Number Answered
Your Score History
You have not taken this quiz